Study on four wave mixing in a highly nonlinear media and their applications /
Saved in:
| Main Author: | |
|---|---|
| Format: | Thesis Book |
| Language: | English |
| Published: |
2012.
|
| Subjects: | |
| Online Access: | http://studentsrepo.um.edu.my/id/eprint/4453 |
| Tags: |
Add Tag
No Tags, Be the first to tag this record!
|
| LEADER | 01146cam a2200289 a 4500 | ||
|---|---|---|---|
| 001 | u986554 | ||
| 003 | SIRSI | ||
| 005 | 201401021511 | ||
| 008 | 140102s2012 my t 000 0 eng m | ||
| 040 | |a UMM |d AUM |e rda | ||
| 090 | |a QC3 |b UMP 2012 Nooaa | ||
| 100 | 0 | |a Noor Azura Awang. | |
| 245 | 1 | 0 | |a Study on four wave mixing in a highly nonlinear media and their applications / |c Noor Azura binti Awang. |
| 260 | |c 2012. | ||
| 300 | |a xxx, 222 [58] leaves : |b ill. ; |c 30 cm | ||
| 502 | |a Thesis (Ph.D) -- Jabatan Fizik, Fakulti Sains, Universiti Malaya, 2012. | ||
| 504 | |a Bibliography: leaves 109-113. | ||
| 530 | |a Also issued in CD. | ||
| 650 | 0 | |a Laser materials |x Research. | |
| 650 | 0 | |a Wavelength division multiplexing. | |
| 650 | 0 | |a Optical fibers. | |
| 710 | |a Universiti Malaya. |b Jabatan Fizik. | ||
| 856 | 4 | 1 | |u http://studentsrepo.um.edu.my/id/eprint/4453 |
| 900 | |a ZA | ||
| 596 | |a 1 25 | ||
| 999 | |a QC3 UMP 2012 NOOAA |w LC |c 1 |i A515703035 |d 18/12/2014 |f 18/12/2014 |g 1 |l STACKS |m P01UTAMA |r Y |s Y |t TESIS |u 18/12/2014 | ||
| 999 | |a QC3 UMP 2012 NOOAA |w LC |c 1 |i A515869560 |f 30/9/2022 |g 1 |l STACKS |m P25UMARCHI |r N |s Y |t CD |u 28/7/2015 |1 STEM |o .STAFF. MST-CD894 | ||
